000 00515nam a2200217Ia 4500
003 OSt
005 20220924143121.0
006 a|||||r|||| 00| 0
007 ta
008 220923b |||||||| |||| 00| 0 urd d
020 _c150
024 _a306738
037 _cTextual
040 _aARTS
_cARTS
_burd
041 _2urd
_aurd
082 _aa12-3168,2,2, 168N9
245 0 _aUrdu makhtutat
260 _c1999
942 _ha12-3168,2,2, 168N9
_cTEXL
_2CC
999 _c453214
_d453214